| 000 | 00458ntaaa2200181 4500 | ||
|---|---|---|---|
| 003 | 01 | ||
| 005 | 20251027202232.0 | ||
| 008 | 0714s1973 ag 01 | ||
| 040 |
_aAR-BaBN _bspa _cAR-BaBN _eaacr _dRIC |
||
| 082 | _a268.1100 C54 | ||
| 100 |
_aClark, Mayola Johns _920818 |
||
| 245 | _aWonders in God's world | ||
| 250 | _a1 ed. | ||
| 260 |
_aNashville : _bConvention Press, _c1962 |
||
| 300 | _a116 p | ||
| 500 | _aTextos para escuelas bĂblicas | ||
| 942 | _cBK | ||
| 999 |
_c17200 _d17200 |
||